The art and science of optical design (Record no. 12350)

MARC details
000 -LEADER
fixed length control field 00563nam a2200193Ia 4500
003 - CONTROL NUMBER IDENTIFIER
control field IN-BaIIA
008 - FIXED-LENGTH DATA ELEMENTS--GENERAL INFORMATION
fixed length control field 211028s9999 xx 000 0 eng d
020 ## - INTERNATIONAL STANDARD BOOK NUMBER
International Standard Book Number 0-521-58868-5
040 ## - CATALOGING SOURCE
Transcribing agency IIA Library
080 ## - UNIVERSAL DECIMAL CLASSIFICATION NUMBER
Universal Decimal Classification number 535
Item number SHA
100 ## - MAIN ENTRY--PERSONAL NAME
Personal name Shannon, Robert R
9 (RLIN) 11629
245 #4 - TITLE STATEMENT
Title The art and science of optical design
Statement of responsibility, etc. Robert R. Shannon
260 ## - PUBLICATION, DISTRIBUTION, ETC.
Place of publication, distribution, etc. Cambridge
Name of publisher, distributor, etc. Cambridge University Press
Date of publication, distribution, etc. 1997
300 ## - PHYSICAL DESCRIPTION
Extent xiv, 614p.
650 ## - SUBJECT ADDED ENTRY--TOPICAL TERM
Topical term or geographic name entry element Abberations
9 (RLIN) 21596
650 ## - SUBJECT ADDED ENTRY--TOPICAL TERM
Topical term or geographic name entry element Optical design
650 ## - SUBJECT ADDED ENTRY--TOPICAL TERM
Topical term or geographic name entry element Optics
942 ## - ADDED ENTRY ELEMENTS (KOHA)
Koha item type Books
Holdings
Withdrawn status Lost status Damaged status Not for loan Home library Current library Shelving location Date acquired Source of acquisition Cost, normal purchase price Total Checkouts Full call number Barcode Date last seen Cost, replacement price Price effective from Koha item type Purchase Price
        IIA Library-Bangalore IIA Library-Bangalore General Stacks 05/01/1998 TBH 995.00   535/ SHA 13266 05/11/2021 995.00 05/01/1998 Books Rs. 995.00

Powered by Koha